Gaming Quiz

Random Gaming or Pokémon Quiz

Matching: Gen. I Pokémon per Type Quiz Stats

 Plays Quiz not verified by Sporcle

Score 0/9 Timer 02:00
0 Plays Today
% Correct
Jolteon
93.4%
Magmar
92.2%
Cloyster
90.9%
Primeape
83.6%
Drowzee
83.1%
Scyther
80.3%
Grimer
74.5%
Marowak
73.1%
Snorlax
73%

You're not logged in!

Compare scores with friends on all Sporcle quizzes.
OR
Log In

Show Comments

Extras

Top Quizzes Today


Score Distribution

Your Account Isn't Verified!

In order to create a playlist on Sporcle, you need to verify the email address you used during registration. Go to your Sporcle Settings to finish the process.

Report this User

Report this user for behavior that violates our Community Guidelines.

Details: